• 首页
  • 本馆介绍
  • 公告通知
  • 最新文献
  • 馆藏检索
  • 电子资源
  • 读者导购
  • 参考咨询
  • 我的图书馆
  • 登录
  • 详细信息显示
  • 放入我的书架
  • 预约/预借图书
  • 作者相关作品
  • 分类相关作品
  • 丛书相关作品
  • 出版社相关作品

书目信息

  • 表格格式
  • 工作单格式
  • 卡片格式
题名:
小说之家
    
 
作者: 魏爱莲 著 ;陈畅涌 译
分册:  
出版信息: 北京   社会科学文献出版社  2020
页数: 317页
开本: 21cm
丛书名:
单 册:
中图分类: I207.419
科图分类:
主题词: 古典小说--gu dian xiao shuo--小说研究--中国--清后期
电子资源:
ISBN: 978-7-5201-6547-1
000 01304nam0 2200265 450
001 2160526612
005 20210926145324.0
010    @a978-7-5201-6547-1@b精装@dCNY75.00
100    @a20200907d2020 em y0chiy0120 ea
101 1  @achi@ceng
102    @aCN@b110000
105    @aa z 000yy
106    @ar
200 1  @a小说之家@Axiao shuo zhi jia@e詹熙、詹垲兄弟与晚清新女性@dFiction's family@eZhan Xi, Zhan Kai, and the business of women in Late-Qing China@f(美)魏爱莲(Ellen Widmer)著@g陈畅涌译@zeng
210    @a北京@c社会科学文献出版社@d2020
215    @a317页@c图,照片@d21cm
330    @a本书通过分析浙江衢州詹氏家族的文学书写,探讨了家族脉络中的文学熏染和代际联系,彰显了文学书写与大时代的互动。从这些绵延的书写中我们得以窥见晚晴社会中女性生活的种种形态,她们对婚姻生活的苦闷、对不平等境遇的抵抗、自身的觉醒,以及对改革的诉求。
510 1  @aFiction's family@eZhan Xi, Zhan Kai, and the business of women in Late-Qing China@zeng
517 1  @a詹熙、詹垲兄弟与晚清新女性@Azhan xi zhan kai xiong di yu wan qing xin nv xing
606 0  @a古典小说@Agu dian xiao shuo@x小说研究@y中国@z清后期
690    @aI207.419@v5
701  0 @c(美)@a魏爱莲@Awei ai lian@c(Widmer, Ellen)@4著
702  0 @a陈畅涌@Achen chang yong@4译
801  0 @aCN@b百万庄@c20210926
905    @b1301015-18@dI207.419@e1011@f4
    
    小说之家:詹熙、詹垲兄弟与晚清新女性=Fiction's family:Zhan Xi, Zhan Kai, and the business of women in Late-Qing China/(美)魏爱莲(Ellen Widmer)著/陈畅涌译.-北京:社会科学文献出版社,2020
    317页:图,照片;21cm
    
    
    ISBN 978-7-5201-6547-1(精装):CNY75.00
    本书通过分析浙江衢州詹氏家族的文学书写,探讨了家族脉络中的文学熏染和代际联系,彰显了文学书写与大时代的互动。从这些绵延的书写中我们得以窥见晚晴社会中女性生活的种种形态,她们对婚姻生活的苦闷、对不平等境遇的抵抗、自身的觉醒,以及对改革的诉求。
●
相关链接 在E读中查询图书 在五车中查询图书 在当当中查询图书 在豆瓣中查询图书


正题名:小说之家     索取号:I207.419/1011         预约/预借

序号 登录号 条形码 馆藏地/架位号 状态 备注
1 1301015   213010150   第一样本阅览室/ [索取号:I207.419/1011] 在馆    
2 1301016   213010169   第二借阅区/ [索取号:I207.419/1011] 在馆    
3 1301017   213010178   第二借阅区/ [索取号:I207.419/1011] 在馆    
4 1301018   213010187   第二借阅区/ [索取号:I207.419/1011] 在馆    
唐山师范学院图书馆 欢迎您!
大连网信软件有限公司© 版权所有